Statystyki dla Quiz o Albanii

Kliknij tutaj aby rozwiązać quiz!

Ogólne statystyki

  • Ten quiz został rozwiązany 288 razy
  • Średni wynik to 13 z 20

Statystyki odpowiedzi

WskazówkaOdpowiedź% Poprawnych
StolicaTirana
98%
Graniczące państwaKosowo
96%
Graniczące państwaGrecja
95%
Graniczące państwaCzarnogóra
95%
Graniczące państwaMacedonia Północna
94%
Religia, którą wyznaje 58,8% AlbańczykówIslam
94%
Półwysep, na którym leży AlbaniaPółwysep Bałkański
90%
Cesarstwo, do którego należała w latach 1480–1912Imperium Osmańskie
78%
Kraj, który najechał na Albanię w 1939 rokuWłochy
73%
Części Morza Śródziemnego, które
graniczy z Albanią
Morze Adriatyckie
71%
Sojusz wojskowy, z którego Albania
wycofała się formalnie w 1968 roku
Układ {Warszawski}
65%
Zwierzę, które pojawia się na fladzeOrzeł
54%
Zakonnica, laureatka Pokojowej Nagrody NoblaMatka Teresa
47%
Części Morza Śródziemnego, które
graniczy z Albanią
Morze Jońskie
42%
WalutaLek
39%
Drugie najbardziej zaludnione miastoDurrës
33%
Dyktator Albanii w latach 1944–1985Enver Hoxha
27%
Urodzony w Albanii Muhammad Ali-
Pasza jest uważany za współczesnego
założyciela tego kraju
Egipt
22%
Najgłębsze i najstarsze jezioro w
południowej Europie, wpisane na listę UNESCO
Jezioro Ochrydzkie
21%
Warzywa będące nadzieniem w BurkachSzpinak
17%

Rozkład punktacji

Percentyl według liczby udzielonych odpowiedzi

Procent ludzi z każdym wynikiem

Twoja historia wyników

Nie rozwiązałeś tego quizu